000 00343nam a22001457a 4500
008 230901b ||||| |||| 00| 0 eng d
020 _a0471323802
041 _aeng
080 _a521
082 _a521GRA
100 _a19
101 _aASTRO
245 _aTHE OBSERVATION AND ANALYSIS OF STELLAR PHOTOSPHERES
_cGRAY .F.D
942 _2udc
_cBK
999 _c60236
_d60236